| 000 | 00859cam a2200241 i 4500 | ||
|---|---|---|---|
| 001 | 42166 | ||
| 003 | Mx-PuUPA | ||
| 005 | 20251107131240.0 | ||
| 008 | 140415s2005 mx gr 000 0 spa d | ||
| 020 | _a9703228380 | ||
| 040 | _cMx-PuUPA | ||
| 041 | 0 | _aspa | |
| 082 | 0 | 4 |
_axx _bxx _223 |
| 245 |
_aExamen retrospectivo del sistema constitucional mexicano : _ba 180 años de la constitución de 1824 / _cDiego Valadés, Daniel A. Barceló Rojas, coordinadores |
||
| 250 | _aPrimera edición | ||
| 264 | 1 |
_aMéxico, D.F. : _bUniversidad Nacional Autónoma de México, _c©2005 |
|
| 300 |
_axii, 385 páginas ; _c22 cm |
||
| 650 | 7 |
_2armarc _913986 |
|
| 700 | 1 |
_aValadés, Diego, _ecoordinador |
|
| 700 | 1 |
_aBarceló Rojas, Daniel A., _ecoordinador |
|
| 942 |
_2ddc _cLI _hxx _ixx |
||
| 999 |
_c42166 _d42166 |
||